000 01019nas a2200313 4500
001 BR2012000429
003 BR-BrBNA
005 20231205120010.0
007 ta
008 230509b bl.|||p| |||| 00| 00por d
040 _aBR-BrBNA
_bpor
_cBiblioteca Nacional de Agricultura
041 _a(Pt)
072 _aF03; F40
100 1 _aTakao, L.K.
100 1 _aRibeiro, J.P.N.
100 1 _aLima, M.I.S.
245 1 _aPotencial alelopático de macrófitas aquáticas de um estuário cego
246 1 _aAllelopathic potential of aquatic macrophytes from a blind estuary
650 _aALELOPATIA
650 _aALFACE
650 _aLACTUCA SATIVA
650 _aGERMINAÇÃO
650 _aECOLOGIA VEGETAL
650 _aESTUÁRIO
773 0 _tActa Botanica Brasilica (Brazil)
_xISSN 0102-3306
_g(Apr-Jun 2011), v. 25(2) p. 324-330
_wBR2012000429
856 4 _uhttp://www.scielo.br/pdf/abb/v25n2/a08v25n2.pdf
_yRecurso eletrônico (PDF)
909 _a202311
_bLúcia
_c55
_dLúcia Elande
942 _2AGRIS
_n0
_cANA
999 _c216626
_d216626